Approximation algorithms (Record no. 1097)

000 -LEADER
fixed length control field 00526nam a22002054a 4500
001 - CONTROL NUMBER
control field 1097
003 - CONTROL NUMBER IDENTIFIER
control field BD-DhUET
008 - FIXED-LENGTH DATA ELEMENTS--GENERAL INFORMATION
fixed length control field 010605s2001 gw a b 001 0 eng
020 ## - INTERNATIONAL STANDARD BOOK NUMBER
International Standard Book Number 3540653678
040 ## - CATALOGING SOURCE
Original cataloging agency DLC
Transcribing agency DLC
Modifying agency BD-DhUET
082 00 - DEWEY DECIMAL CLASSIFICATION NUMBER
Classification number 005.1
Item number VAZ/2003
100 1# - MAIN ENTRY--PERSONAL NAME
Personal name Vazirani, Vijay V.
245 10 - TITLE STATEMENT
Title Approximation algorithms
250 ## - EDITION STATEMENT
Edition statement 1st ed.
260 ## - PUBLICATION, DISTRIBUTION, ETC. (IMPRINT)
Place of publication, distribution, etc. Berlin
Name of publisher, distributor, etc. Springer-Verlag
Date of publication, distribution, etc. 2003
300 ## - PHYSICAL DESCRIPTION
Extent xix, 380 p.
Other physical details ill.
Dimensions 25 cm.
504 ## - BIBLIOGRAPHY, ETC. NOTE
Bibliography, etc Includes bibliographies
650 #0 - SUBJECT ADDED ENTRY--TOPICAL TERM
Topical term or geographic name as entry element Computer algorithms
942 ## - ADDED ENTRY ELEMENTS (KOHA)
Koha item type General Book
Holdings
Location (home branch) Sublocation or collection (holding branch) Source of classification or shelving scheme Date acquired Piece designation (barcode) Koha issues (times borrowed) Koha date last borrowed Koha full call number Koha item type Copy number Damaged status Not for loan Koha normalized classification for sorting Lost status Shelving location Withdrawn status Koha date last seen Price effective from
Central Library, BUETCentral Library, BUET 2014-08-30106766  005.1/VAZ/2003General Book1  005_000000000000000_1VAZ2003 Circulation section 2014-08-302014-08-30
Central Library, BUETCentral Library, BUET 2014-08-3010805712014-11-05005.1/VAZ/2003General Book2  005_000000000000000_1VAZ2003 Circulation section 2015-10-122014-08-30
Central Library, BUETCentral Library, BUET 2014-10-1310676712022-12-03005.1/VAZ/2003General Book3  005_000000000000000_1VAZ2003 Circulation section 2022-12-172014-10-13
Central Library, BUETCentral Library, BUET 2016-05-2910805612023-03-06005.1/VAZ/2003General Book4  005_100000000000000_VAZ_2003 Circulation section 2023-05-062016-05-29